| 000 | 00608cam a2200181 a 4500 | ||
|---|---|---|---|
| 005 | 20250901165549.0 | ||
| 008 | 910930s1991 cau b 001 0 eng | ||
| 010 | _a 91034819 | ||
| 020 |
_a0874776740 : _c$18.95 |
||
| 020 | _a0874777313 (pbk.) | ||
| 050 | 0 | 0 |
_aLC4705 .S66 1991 _b.S66 1991 |
| 082 | 0 | 0 |
_a371.9 _220 |
| 100 | 1 | _aSmith, Sally Liberman. | |
| 245 | 1 | 0 |
_aSucceeding against the odds : _bstrategies and insights from the learning disabled / _cSally L. Smith. |
| 260 |
_aLos Angeles : _bJ.P. Tarcher, _cc1991. |
||
| 300 |
_axv, 304 p. ; _c22 cm. |
||
| 942 |
_2lcc _hLC4705 .S66 1991 |
||
| 999 |
_c5934 _d5934 |
||